Problem of School Teachers/ (Record no. 167159)

MARC details
000 -LEADER
fixed length control field 00622nam a22001937a 4500
005 - DATE AND TIME OF LATEST TRANSACTION
control field 20190822160443.0
010 ## - LCCN (DPL NO)
LC control number ENG-126280
020 ## - INTERNATIONAL STANDARD BOOK NUMBER
Terms of availability 480.00
International Standard Book Number 978-93-85789-2-6
035 ## - SYSTEM CONTROL NUMBER
System control number EN-109812
037 ## - SOURCE OF ACQUISITION
Source of stock number/acquisition DBAD/PUB
082 ## - DEWEY DECIMAL CLASSIFICATION NUMBER
Classification number 371.1
100 ## - MAIN ENTRY--PERSONAL NAME
Personal name Rai,Anand Kumar
245 ## - TITLE STATEMENT
Title Problem of School Teachers/
Statement of responsibility, etc by Anand Kumar Rai
260 ## - PUBLICATION, DISTRIBUTION, ETC. (IMPRINT)
Place of publication, distribution, etc Varanasi
Name of publisher, distributor, etc Manish Prakashan
Date of publication, distribution, etc 2016
270 ## - ADDRESS
City Varanasi
Address Plot No.-26, Rohit Nagar Colony, B.H.U.
Postal code 5
Electronic mail address kalaprakashans@yahoo.in
Telephone number 0542-2310682
300 ## - PHYSICAL DESCRIPTION
Extent 142p.
Dimensions 22cm(hb)
500 ## - GENERAL NOTE
General note it Includes Index and Bibliography
942 ## - ADDED ENTRY ELEMENTS (KOHA)
Source of classification or shelving scheme Dewey Decimal Classification
Item type English Books
Classification part 371.1
Call number suffix RAI
Holdings
Withdrawn status Lost status Not for loan Collection code Home library Current library Date acquired Source of acquisition Cost, normal purchase price Full call number Barcode Copy number Cost, replacement price Koha item type
      Non-fiction Patel Nagar Patel Nagar 22/08/2019 DBAD/PUB 480.00 371.1 RAI EN-109812 1 480.00 English Books

© Delhi Public Library
Hit Counter
free hit counter